Pays Du Monde Avec Capitales - Statistiques

Statistiques générales
  • Ce quiz a été pris 2 130 fois
  • Le résultat moyen est 109 sur 202
Statistiques - réponses
Hint Réponse % Correct
Alger Algérie
95%
Amsterdam Pays-Bas
93%
Andorre-la-Vieille Andorre
92%
Athènes Grèce
91%
Berlin Allemagne
90%
Bruxelles Belgique
89%
Buenos Aires Argentine
88%
Brasilia Brésil
88%
Le Caire Égypte
88%
Abou Dabi Émirats arabes unis
88%
Berne Suisse
88%
Ankara Turquie
88%
Copenhague Danemark
86%
Bangkok Thaïlande
86%
Canberra Australie
85%
Dublin Irlande
85%
Djibouti Djibouti
84%
Guatemala Guatemala
84%
Bagdad Irak
84%
Luxembourg Luxembourg
84%
Bucarest Roumanie
84%
Bogota Colombie
83%
Madrid Espagne
83%
Budapest Hongrie
83%
Jérusalem Israël
83%
Beyrouth Liban
83%
Kiev Ukraine
83%
Helsinki Finlande
82%
Londres Royaume-Uni
82%
Le Cap Afrique du Sud
81%
La Havane Cuba
81%
Koweït Koweït
81%
Lisbonne Portugal
81%
Dakar Sénégal
81%
Mexico Mexique
80%
Monaco Monaco
80%
Bissau Guinée-Bissau
79%
Moscou Russie
79%
Lima Pérou
78%
New Delhi Inde
77%
Damas Syrie
77%
Caracas Venezuela
77%
Ottawa Canada
76%
Pékin Chine
76%
Paris France
76%
Antananarivo Madagascar
76%
Bamako Mali
76%
Oslo Norvège
76%
Belgrade Serbie
76%
Jakarta Indonésie
75%
Panama Panama
75%
Asuncion Paraguay
75%
Bratislava Slovaquie
75%
Sri Jayawardenapura Sri Lanka
75%
Brazzaville République du Congo
73%
Hanoï Viêt Nam
73%
Kaboul Afghanistan
71%
Jérusalem-Est Palestine
71%
Doha Qatar
71%
Minsk Biélorussie
70%
Addis-Abeba Éthiopie
69%
Chisinau Moldavie
69%
Montevideo Uruguay
69%
Kuala Lumpur Malaisie
68%
Katmandou Népal
68%
Islamabad Pakistan
68%
Ljubljana Slovénie
68%
Kingston Jamaïque
67%
Manille Philippines
67%
Nicosie Chypre
66%
Rome Italie
66%
Nairobi Kenya
66%
Amman Jordanie
65%
Prague République tchèque
65%
Erevan Arménie
64%
Reykjavik Islande
63%
Pyongyang Corée du Nord
62%
Gibraltar Gibraltar
62%
Rabat Maroc
62%
Phnom Penh Cambodge
60%
Oulan-Bator Mongolie
60%
Bakou Azerbaïdjan
59%
Conakry Guinée
59%
Séoul Corée du Sud
58%
Port-au-Prince Haïti
58%
Dacca Bangladesh
57%
Accra Ghana
57%
San Salvador Salvador
57%
Singapour Singapour
57%
Khartoum Soudan
57%
Quito Équateur
56%
Riga Lettonie
55%
Saint-Marin Saint-Marin
55%
Stockholm Suède
55%
Abuja Nigeria
54%
Belmopan Belize
53%
Libreville Gabon
53%
Achgabat Turkménistan
53%
Bandar Seri Begawan Brunei
52%
Santiago Chili
52%
Riyad Arabie saoudite
51%
Podgorica Monténégro
51%
Kinshasa République démocratique du Congo
51%
São Tomé Sao Tomé-et-Principe
51%
Freetown Sierra Leone
51%
Lomé Togo
51%
Nassau Bahamas
50%
Sofia Bulgarie
50%
Tokyo Japon
50%
Managua Nicaragua
50%
Ouagadougou Burkina Faso
49%
Malé Maldives
48%
Tunis Tunisie
48%
Luanda Angola
47%
Sarajevo Bosnie-Herzégovine
47%
Kigali Rwanda
47%
Mogadiscio Somalie
47%
Astana Kazakhstan
46%
Pristina Kosovo
46%
Niamey Niger
46%
Mascate Oman
46%
Harare Zimbabwe
46%
Saint-Domingue République dominicaine
45%
Dili Timor oriental
45%
Vatican Vatican
45%
Nouakchott Mauritanie
44%
Castries Sainte-Lucie
44%
Dodoma Tanzanie
44%
N'Djaména Tchad
44%
Sucre Bolivie
43%
Asmara Érythrée
43%
Varsovie Pologne
43%
Bangui République centrafricaine
43%
Douchanbé Tadjikistan
43%
Vienne Autriche
42%
Tallinn Estonie
42%
Georgetown Guyana
42%
Bichkek Kirghizistan
42%
Skopje Macédoine
42%
Paramaribo Suriname
42%
Bridgetown Barbade
41%
Naypyidaw Birmanie
41%
Washington États-Unis
41%
Téhéran Iran
41%
Lilongwe Malawi
41%
Kampala Ouganda
41%
Basseterre Saint-Christophe-et-Niévès
41%
Gaborone Botswana
40%
Banjul Gambie
40%
La Valette Malte
40%
Djouba Soudan du Sud
40%
Taipei Taïwan
40%
Monrovia Liberia
39%
San José Costa Rica
38%
Sanaa Yémen
37%
Tirana Albanie
36%
Moroni Comores
36%
Tripoli Libye
36%
Port-Louis Maurice
36%
Maputo Mozambique
36%
Apia Samoa
36%
Lusaka Zambie
36%
Manama Bahreïn
35%
Bujumbura Burundi
34%
Zagreb Croatie
34%
Praia Cap-Vert
33%
Port-d'Espagne Trinité-et-Tobago
33%
Maseru Lesotho
32%
Vilnius Lituanie
32%
Wellington Nouvelle-Zélande
32%
Port Moresby Papouasie-Nouvelle-Guinée
32%
Funafuti Tuvalu
32%
Tbilissi Géorgie
31%
Malabo Guinée équatoriale
31%
Vaduz Liechtenstein
29%
Kingstown Saint-Vincent-et-les Grenadines
29%
Mbabane Swaziland
29%
Roseau Dominique
28%
Delap-Uliga-Darrit (Majuro) Îles Marshall
27%
Honiara Salomon
27%
Tegucigalpa Honduras
26%
Nuku'alofa Tonga
25%
Palikir Micronésie
24%
Tachkent Ouzbékistan
23%
Port-Vila Vanuatu
23%
Vientiane Laos
22%
Saint John's Antigua-et-Barbuda
21%
Yaoundé Cameroun
21%
Thimphou Bhoutan
19%
Yamoussoukro Côte d'Ivoire
19%
Victoria Seychelles
19%
Suva Fidji
18%
Saint-Georges Grenade
16%
Windhoek Namibie
16%
Alofi Niue
14%
Melekeok Palaos
14%
Avarua Îles Cook
13%
Hamilton Bermudes
11%
Tarawa-Sud Kiribati
11%
Hagåtña Guam
9%
Yaren Nauru
9%
Maurice Bénin
5%
Aucun quiz correspondant
Distribution des résultats
% des personnes avec chaque résultat
Percentile par nombre de réponses
Votre historique - résultats
Vous n’avez pas pris ce quiz